Đột quỵ cách phòng ngừa và điều trị
Saved in:
| Main Author: | |
|---|---|
| Format: | Book |
| Language: | Undetermined |
| Published: |
Hà Nội
Y Học
2004
|
| Subjects: | |
| Tags: |
Add Tag
No Tags, Be the first to tag this record!
|
| Institutions: | Trung tâm Học liệu Trường Đại học Cần Thơ |
|---|
| LEADER | 00523nam a2200193Ia 4500 | ||
|---|---|---|---|
| 001 | CTU_74138 | ||
| 008 | 210402s9999 xx 000 0 und d | ||
| 020 | |b 18000 | ||
| 082 | |a 616.12 | ||
| 082 | |b Tr300 | ||
| 100 | |a Lê, Văn Tri | ||
| 245 | 0 | |a Đột quỵ cách phòng ngừa và điều trị | |
| 245 | 0 | |c Lê Văn Tri | |
| 260 | |a Hà Nội | ||
| 260 | |b Y Học | ||
| 260 | |c 2004 | ||
| 650 | |a Cardiology | ||
| 904 | |i Mai Loan, Qhieu | ||
| 980 | |a Trung tâm Học liệu Trường Đại học Cần Thơ | ||